000 00630nam a2200229 a 4500
001 72311
003 BD-RjUL
005 20211209082238.0
008 170516s1978 ohua b 001 0 eng d
035 _a(BD-RjUL)72528
040 _aWASKC
_beng
_cWASKC
_dBD-RjUL
041 _aeng
082 1 4 _a551
_223
_bFOG 1978
100 1 _aFoster, Robert J.
_9204057
245 1 0 _aGeneral geology /
_cRobert J. Foster
250 _a3th ed.
260 _aColumbus, Ohio :
_bC.E. Merrill,
_c1978
300 _axiii, 576 p. :
_bill. ;
_c26 cm.
504 _aIncludes bibliographies and index.
650 0 _aGeology.
_9204058
942 _2ddc
_cBK
999 _c72311
_d72311